[Event "Challenge"]
[Site "http://www.queenalice.com/game.php?id=781095"]
[Date "2010.5.26"]
[Round "-"]
[White "Gesundheitengefangnis"]
[Black "Krajnicov"]
[Result "1-0"]
[WhiteElo "1540"]
[BlackElo "1370"]

1. e4 e5 2. Nf3 Qf6 3. d4 d6 4. d5 Bg4 5. Be2 h6 6. O-O h5 7. c4 h4 8. h3 Qg6 9.
Nxh4 Rxh4 10. Bxg4 Qxe4 11. Bg5 Rh8 12. Qa4+ c6 13. Qa5 Qxc4 14. Qd8# 1-0

[Event "Challenge"]
[Site "http://www.queenalice.com/game.php?id=781096"]
[Date "2010.5.26"]
[Round "-"]
[White "Krajnicov"]
[Black "Gesundheitengefangnis"]
[Result "0-1"]
[WhiteElo "1411"]
[BlackElo "1546"]

1. e4 e5 2. Qf3 Nc6 3. Bc4 f6 4. c3 d6 5. g4 Bd7 6. g5 Qe7 7. Na3 O-O-O 8. Qe3
fxg5 9. Nc2 g6 10. b4 Bh6 11. b5 g4 12. Qg3 Nb8 13. a4 c6 14. Rb1 c5 15. a5 Be6
16. Be2 Bf4 17. Qg2 h5 18. Bd3 Kd7 19. Qf1 Nf6 20. b6 axb6 21. Rxb6 Ke8 22. a6
bxa6 23. Bxa6 Qa7 24. Rb7 Qxa6 25. Rxb8 Bc4 26. Rb6 Qxb6 27. Qxc4 Ke7 28. Ba3
Qb1+ 29. Ke2 Qxc2 30. Qa6 Qxd2+ 31. Kf1 Nxe4 32. Ne2 h4 33. Qa4 Nxc3 34. Qc4
Qd1+ 35. Kg2 h3# 0-1

[Event "Challenge"]
[Site "http://www.queenalice.com/game.php?id=830016"]
[Date "2010.9.9"]
[Round "-"]
[White "Gesundheitengefangnis"]
[Black "Krajnicov"]
[Result "0-1"]
[WhiteElo "1578"]
[BlackElo "1449"]

1. e4 e5 2. Nf3 Qf6 3. Bc4 Bc5 4. d3 h6 5. O-O g5 6. a3 Ne7 7. c3 g4 8. Nfd2 d6
9. b4 Bb6 10. Bb2 h5 11. a4 Qh6 12. Kh1 g3 0-1